Minh mệnh chính yếu

Gespeichert in:
Bibliographische Detailangaben
Format: Buch
Tags: Tag hinzufügen
Keine Tags, Fügen Sie den ersten Tag hinzu!
Thư viện lưu trữ: Mạng thư viện Đại học Đà Nẵng
LEADER 00699nam a2200217 4500
001 000013802
003 10146
005 20150812150822.0
008 120323s sd
245 0 0 |a Minh mệnh chính yếu 
774 |d Huế  |d Thuận Hóa  |d 1994  |g T.1  |h 347 tr.  |t Quyển đầu - quyển 7  |w 10147 
774 |d Huế  |d Thuận Hóa  |d 1994  |g T.2  |h 475 tr.  |t Quyển 8 - quyển 17  |w 10148 
774 |d Huế  |d Thuận Hóa  |d 1994  |g T.3  |h 412 tr.  |t Quyển 8 - quyển 25  |w 10265 
OWN |a LSP 
999 |a From the UDN01 
TYP |a Monograph 
TYP |a Printed language 
980 |a Mạng thư viện Đại học Đà Nẵng